El Aguila y la Cruz de Hierro / (Record no. 149089)

MARC details
000 -LEADER
campo de control de longitud fija 00608nam a2200193 4500
001 - NÚMERO DE CONTROL
campo de control 149089
003 - IDENTIFICADOR DE NÚMERO DE CONTROL
campo de control ES-MaACL
005 - FECHA Y HORA DE LA ÚLTIMA TRANSACCIÓN
campo de control 20250822162349.0
007 - CAMPO FIJO DE DESCRIPCIÓN FÍSICA--INFORMACIÓN GENERAL
campo de control de longitud fija t|
008 - DATOS DE LONGITUD FIJA--INFORMACIÓN GENERAL
campo de control de longitud fija 070214s1969 sp r ||||1| spa d
100 1# - ENTRADA PRINCIPAL--NOMBRE DE PERSONA
Nombre de persona Swarthout, Glendon.
9 (RLIN) 108925
245 13 - MENCIÓN DEL TÍTULO
Título El Aguila y la Cruz de Hierro /
Mención de responsabilidad, etc. Glendon Swarthout ; [versión... de Domingo Manfredi Cano].
250 ## - MENCION DE EDICION
Mención de edición [1ª ed.].
260 ## - PUBLICACIÓN, DISTRIBUCIÓN, ETC.
Lugar de publicación, distribución, etc. Barcelona :
Nombre del editor, distribuidor, etc. Luis de Caralt,
Fecha de publicación, distribución, etc. [1969] (
Fabricante RIGSA)
300 ## - DESCRIPCIÓN FÍSICA
Extensión 297 p. ;
Dimensiones 20 cm.
700 1# - ENTRADA AGREGADA--NOMBRE PERSONAL
Nombre de persona Manfredi Cano, Domingo,
Fechas asociadas al nombre 1918-1998
9 (RLIN) 75997
852 ## - LOCALIZACIÓN
Ubicación ES-MaACL
Número de control de estantería C-39627
Sublocalización o colección R.73047
Holdings
Estatus retirado Estado de pérdida Estado de daño No para préstamo Biblioteca de origen Biblioteca actual Ubicación en estantería Fecha de adquisición Fuente de adquisición Total de préstamos Signatura topográfica completa Código de barras Visto por última vez Precio de reemplazo Tipo de ítem Koha
        Biblioteca del Ateneo de Madrid Biblioteca del Ateneo de Madrid Depósito 2 17/01/2008     C-39627 1155579 23/02/2023 23/02/2023 Libro impreso